| 000 | 00498nam a22001817a 4500 | ||
|---|---|---|---|
| 005 | 20210423062649.0 | ||
| 008 | 210219s1987 ||||| |||| 00| 0 eng d | ||
| 040 |
_aeng _cDLC |
||
| 041 | _aeng | ||
| 080 |
_a008 _bM-50 |
||
| 100 |
_9989 _aMeisch, Lynn |
||
| 245 |
_aOTAVALO: Weaving, Costume and the Market _c/ by: Ediciones Libri Mundi |
||
| 260 |
_aQuito _bEdiciones Libri Mundi _c1987 |
||
| 300 |
_a189 p. _bill. |
||
| 650 | 0 |
_9493 _aCulture |
|
| 653 | _aკულტურა | ||
| 942 |
_2udc _cBK |
||
| 999 |
_c1560 _d1560 |
||